VOICES from the culture of silence : the most disadvantaged groups in Asian agriculture

Bibliographic Details
Corporate Author: Asian and Pacific Development Centre
Other Authors: Getubig (Ismael P.), Ledesma
Format: Book
Published: Kuala Lumpur : Asian and Pacific Development Centre , 1988
Subjects:

MARC

LEADER 00000cam a2200000 7i4500
001 0000002747
005 20040105.0
020 0 0 |a 9679928098 
090 0 0 |a 338.95   |b VOI 1988 
245 0 0 |a VOICES from the culture of silence :   |b the most disadvantaged groups in Asian agriculture   |c edited by I.P. Getubig and A.J. Ledesma 
260 0 0 |a Kuala Lumpur :   |b Asian and Pacific Development Centre ,   |c 1988 
300 |a 338 p. :   |b ill. ;   |c 23 cm. 
500 0 0 |a Includes bibliographical references 
650 0 0 |a Agricultural development projects   |z Asia   |x Case studies 
650 0 0 |a Rural development projects   |z Asia   |x Case studies 
650 0 0 |a Rural poor   |z Asia   |x Case studies 
651 0 0 |a Asia   |x Rural conditions   |x Case studies 
700 0 1 |a Getubig   |h I. P. ,   |d (Ismael P.) 
700 0 1 |a Ledesma   |h Antonio J. 
710 1 1 |a Asian and Pacific Development Centre 
998 |a JPSM 
999 |a 0000004430   |b Monograph   |c Open Shelf   |e Default branch